Tiếng chim ca trong ngực Thơ
vv
Đã lưu trong:
| Tác giả chính: | |
|---|---|
| Định dạng: | Sách |
| Năm xuất bản: |
H.
Hội nhà văn
2004
|
| Chủ đề: | |
| Tags: |
Thêm thẻ
Không có thẻ, Hãy là người đầu tiên gắn thẻ bản ghi này!
|
| LEADER | 01263nam a2200229 4500 | ||
|---|---|---|---|
| 082 | |a 895.92214 |b NG527TH | ||
| 100 | |a Nguyễn Thiên Sơn | ||
| 245 | |a Tiếng chim ca trong ngực |c Nguyễn Thiên Sơn |b Thơ | ||
| 260 | |a H. |b Hội nhà văn |c 2004 | ||
| 300 | |a 92tr. |c 19cm | ||
| 520 | |a vv | ||
| 653 | |a Văn học hiện đại | ||
| 653 | |a Thế kỷ 20 | ||
| 653 | |a Thế kỷ 21 | ||
| 653 | |a Việt Nam | ||
| 942 | |2 ddc |c STK0 | ||
| 999 | |c 3807 |d 3807 | ||
| 952 | |0 0 |1 0 |2 ddc |4 0 |6 895_922140000000000_NG527TH |7 1 |8 800 |9 38761 |a qbu |b qbu |c D5 |d 2014-12-17 |g 20000 |o 895.92214 NG527TH |p 3899.C1 |r 0000-00-00 |w 2014-12-17 |y STK0 | ||
| 952 | |0 0 |1 0 |2 ddc |4 0 |6 895_922140000000000_NG527TH |7 0 |8 800 |9 38762 |a qbu |b qbu |c D5 |d 2014-12-17 |g 20000 |o 895.92214 NG527TH |p 3899.C2 |r 0000-00-00 |w 2014-12-17 |y STK0 | ||
| 952 | |0 0 |1 0 |2 ddc |4 0 |6 895_922140000000000_NG527TH |7 0 |8 800 |9 38763 |a qbu |b qbu |c D5 |d 2014-12-17 |g 20000 |o 895.92214 NG527TH |p 3899.C3 |r 0000-00-00 |w 2014-12-17 |y STK0 | ||
| 952 | |0 0 |1 0 |2 ddc |4 0 |6 895_922140000000000_NG527TH |7 0 |8 800 |9 38764 |a qbu |b qbu |c D5 |d 2014-12-17 |g 20000 |o 895.92214 NG527TH |p 3899.C4 |r 0000-00-00 |w 2014-12-17 |y STK0 | ||
| 952 | |0 0 |1 0 |2 ddc |4 0 |6 895_922140000000000_NG527TH |7 0 |8 800 |9 38765 |a qbu |b qbu |c D5 |d 2014-12-17 |g 20000 |o 895.92214 NG527TH |p 3899.C5 |r 0000-00-00 |w 2014-12-17 |y STK0 | ||